[Event "CRO-chT2 Ost"]
[Site "Osijek"]
[Date "2012.05.06"]
[Round "6.56"]
[White "Borkovic, Vladimir"]
[Black "Bjelica, Vladimir"]
[Result "1-0"]
[WhiteElo "2221"]
[BlackElo "2057"]
[PlyCount "69"]
[EventDate "2012.04.21"]
[EventType "team-tourn"]
[EventRounds "11"]
[EventCountry "CRO"]
[SourceTitle "EXT 2014"]
[Source "ChessBase"]
[SourceDate "2013.11.20"]
[SourceVersion "1"]
[SourceVersionDate "2013.11.20"]
[SourceQuality "1"]

1. d4 Nf6 2. c4 g6 3. Nc3 Bg7 4. e4 d6 5. f3 Nbd7 6. Nh3 e5 7. d5 a6 8. Be3 b6 9. Qd2 h6 10. Be2 Bb7 11. 0-0 g5 12. Nf2 Qe7 13. b4 Nh5 14. g3 Nhf6 15. Rac1 0-0 16. Kg2 Bc8 17. Rh1 Nh7 18. h4 Qf6 19. Ng4 Qe7 20. hxg5 hxg5 21. Nh6+ Bxh6 22. Rxh6 Kg7 23. Rch1 Rh8 24. Bxg5 f6 25. Be3 Ndf8 26. f4 Rg8 27. f5 Kh8 28. Bh5 Rg7 29. Bg6 Bd7 30. Qe2 Be8 31. Qh5 Kg8 32. Nd1 Rc8 33. Nf2 c6 34. Ng4 Bxg6 35. fxg6 1-0

[Event "CRO-chT2 East"]
[Site "Croatia"]
[Date "2011.04.02"]
[Round "2"]
[White "Bubalovic, Davorin"]
[Black "Borkovic, Vladimir"]
[Result "1-0"]
[WhiteElo "2280"]
[BlackElo "2208"]
[PlyCount "84"]
[EventDate "2011.04.02"]
[EventType "tourn"]
[EventRounds "11"]
[EventCountry "CRO"]
[SourceTitle "EXT 2014"]
[Source "ChessBase"]
[SourceDate "2013.11.20"]
[SourceVersion "1"]
[SourceVersionDate "2013.11.20"]
[SourceQuality "1"]

1. e4 c6 2. d4 d5 3. Nc3 dxe4 4. Nxe4 Nd7 5. Ng5 Ndf6 6. Bd3 Bg4 7. f3 Bh5 8. Ne2 Bg6 9. c3 Bxd3 10. Qxd3 e6 11. 0-0 Nd5 12. Bd2 Be7 13. Ne4 Ngf6 14. c4 Nc7 15. Bc3 0-0 16. Rad1 b5 17. b3 a5 18. N2g3 a4 19. Nxf6+ Bxf6 20. Nh5 axb3 21. Nxf6+ gxf6 22. axb3 bxc4 23. bxc4 f5 24. Qe2 f6 25. Rb1 Ra3 26. Rfc1 Rxc3 27. Rxc3 Qxd4+ 28. Qe3 e5 29. Qxd4 exd4 30. Rcb3 Ne6 31. Rb8 Rxb8 32. Rxb8+ Kf7 33. Rb7+ Kf8 34. Rxh7 c5 35. Kf2 Ng7 36. Rh8+ Ke7 37. h4 f4 38. Rc8 Kd6 39. Rd8+ Ke6 40. Rd5 Nf5 41. Rxc5 Nxh4 42. Rd5 Ng6 1-0

[Event "Borovo"]
[Site "Borovo"]
[Date "1991.??.??"]
[Round "9"]
[White "Borkovic, Vladimir"]
[Black "Ermenkov, Evgenij"]
[Result "0-1"]
[WhiteElo "2280"]
[BlackElo "2510"]
[PlyCount "78"]
[EventDate "1991.02.??"]
[EventType "tourn"]
[EventRounds "9"]
[EventCountry "YUG"]
[EventCategory "7"]
[SourceTitle "CBM 023 Extra"]
[Source "ChessBase"]
[SourceDate "1991.09.01"]
[SourceVersion "1"]
[SourceVersionDate "1991.09.01"]
[SourceQuality "1"]

1. d4 d6 2. c4 e5 3. Nf3 exd4 4. Nxd4 g6 5. g3 Bg7 6. Bg2 Nf6 7. Nc3 0-0 8. 0-0 Re8 9. e4 Nbd7 10. h3 Nc5 11. Re1 Bd7 12. Rb1 a5 13. b3 Qc8 14. Kh2 Re5 15. f4 Rh5 16. h4 Ng4+ 17. Kg1 c6 18. Bf3 Qd8 19. Kg2 f5 20. Bxg4 fxg4 21. Be3 Qf8 22. Qd2 Re8 23. Bf2 Bc8 24. Rbd1 h6 25. Qc2 g5 26. e5 dxe5 27. fxe5 gxh4 28. gxh4 Rhxe5 29. Rxe5 Rxe5 30. Nde2 Qf3+ 31. Kg1 Bf5 32. Rd8+ Kh7 33. Qd2 Ne4 34. Qf4 Qxf4 35. Nxf4 Nxc3 36. Nh5 Ne2+ 37. Kf1 Bh8 38. Rb8 Bd3 39. Kg2 Rxh5 0-1

[Event "Borovo"]
[Site "Borovo"]
[Date "1991.??.??"]
[Round "4"]
[White "Borkovic, Vladimir"]
[Black "Pavlovic, Dragan"]
[Result "1/2-1/2"]
[WhiteElo "2280"]
[BlackElo "2300"]
[PlyCount "76"]
[EventDate "1991.02.??"]
[EventType "tourn"]
[EventRounds "9"]
[EventCountry "YUG"]
[EventCategory "7"]
[SourceTitle "CBM 023 Extra"]
[Source "ChessBase"]
[SourceDate "1991.09.01"]
[SourceVersion "1"]
[SourceVersionDate "1991.09.01"]
[SourceQuality "1"]

1. d4 Nf6 2. c4 g6 3. Nc3 Bg7 4. e4 d6 5. f3 0-0 6. Be3 Nc6 7. Nge2 a6 8. Qd2 Rb8 9. a3 Re8 10. b4 e5 11. d5 Ne7 12. Ng3 h5 13. h4 Nh7 14. Bd3 Rf8 15. Bh6 c6 16. Bxg7 Kxg7 17. a4 cxd5 18. cxd5 f5 19. exf5 Nxf5 20. Bxf5 Bxf5 21. Nce4 Rc8 22. Rc1 Rxc1+ 23. Qxc1 Qb6 24. Qc3 Bxe4 25. Nxe4 Nf6 26. Nxf6 Rxf6 27. a5 Qb5 28. Qc7+ Kh6 29. Qc1+ Kg7 30. Qc7+ Kf8 31. Qd8+ Kf7 32. Qc7+ Ke8 33. Qc8+ Ke7 34. Qc7+ Qd7 35. Qc1 Qb5 36. Qc7+ Qd7 37. Qc1 Qb5 38. Qc7+ Qd7 1/2-1/2